| 000 | 00510nam a2200181Ia 4500 | ||
|---|---|---|---|
| 008 | 151018s9999 xx 000 0 und d | ||
| 082 |
_bRBASDV34853 _a891.463 |
||
| 100 | _aविजय तरवडे | ||
| 245 | _aप्रेषित | ||
| 250 | _b1 | ||
| 260 |
_bश्री समर्थ _c2002 |
||
| 300 | _a95 | ||
| 600 | _aविजय तरवडे | ||
| 630 | _aप्रेषित | ||
| 700 | _aविजय तरवडे | ||
| 730 | _aप्रेषित | ||
| 942 | _cBOOK | ||
| 999 |
_c1034338 _d1034335 |
||